GRAPHICS SCIENCE AND DESIGN (Record no. 1424)

MARC details
000 -LEADER
fixed length control field 00519nam a2200241Ia 4500
001 - CONTROL NUMBER
control field 001746
003 - CONTROL NUMBER IDENTIFIER
control field YMCAF
005 - DATE AND TIME OF LATEST TRANSACTION
control field 20230512160115.0
008 - FIXED-LENGTH DATA ELEMENTS--GENERAL INFORMATION
fixed length control field 100717s1970 ||||||||||||||||| ||und|d
024 ## - OTHER STANDARD IDENTIFIER
Standard number or code 1746
035 ## - SYSTEM CONTROL NUMBER
System control number 1727
040 ## - CATALOGING SOURCE
Original cataloging agency YMCAF
Language of cataloging eng
Transcribing agency IN-KoLT
041 ## - LANGUAGE CODE
Language code of text/sound track or separate title eng
082 ## - DEWEY DECIMAL CLASSIFICATION NUMBER
Classification number 604.24
Item number FRE
100 ## - MAIN ENTRY--PERSONAL NAME
Personal name FRENCH, THOMAS E
245 #0 - TITLE STATEMENT
Title GRAPHICS SCIENCE AND DESIGN
250 ## - EDITION STATEMENT
Edition statement 3RD
260 ## - PUBLICATION, DISTRIBUTION, ETC.
Date of publication, distribution, etc. 1970
300 ## - PHYSICAL DESCRIPTION
Extent 0
653 ## - INDEX TERM--UNCONTROLLED
Uncontrolled term Mechanical
700 ## - ADDED ENTRY--PERSONAL NAME
Personal name VIERCK, CHARLES J
942 ## - ADDED ENTRY ELEMENTS (KOHA)
Source of classification or shelving scheme Dewey Decimal Classification
Koha item type Books
Holdings
Withdrawn status Lost status Damaged status Not for loan Home library Current library Date acquired Cost, normal purchase price Total Checkouts Barcode Date last seen Cost, replacement price Price effective from Koha item type Public note G
        JC Bose University of Science & Technology JC Bose University of Science & Technology 17/07/2010 14.50   1727 12/05/2023 14.50 12/05/2023 Books C 70029